000 00632nam a22001817a 4500
005 20251108165215.0
008 250721s1983 xx 000 0 ara d
082 1 4 _a913.564/حسي
100 1 _aحمادة، حسين عمر
245 1 0 _aآثار فلسطين بين حرب الهياكل العظمية التوراتية اليهودية . . . /
264 1 _aدمشق :
_bدار قتيبه للنشر و التوزيع،
_c1983.
300 _a324ص : مص
500 _aهذا الكتاب يحمل رقم التزويد 321979
650 1 7 _aالآثار
650 1 7 _aفلسطين
942 _2ddc
_cBK
999 _c22145
_d22145